La clínica de la conducta y la clínica de ortolalia (Record no. 64177)
[ view plain ]
| 000 -CABECERA | |
|---|---|
| campo de control de longitud fija | 00619nam a2200217 a 4500 |
| 005 - FECHA Y HORA DE LA ÚLTIMA TRANSACCIÓN | |
| campo de control | 20210219152933.0 |
| 008 - ELEMENTOS DE LONGITUD FIJA--INFORMACIÓN GENERAL | |
| campo de control de longitud fija | 991125n 000 0 spa u |
| 035 ## - NÚMERO DE CONTROL DEL SISTEMA | |
| Número de control de sistema | UPN01000067749 |
| 100 ## - ASIENTO PRINCIPAL--NOMBRE PERSONAL | |
| Nombre de persona | CASTRO GUEVARA, Numa Pompilio |
| 222 #0 - TÍTULO CLAVE | |
| Título clave | EDUCACION ESPECIAL |
| 245 #3 - MENCIÓN DE TÍTULO | |
| Título | La clínica de la conducta y la clínica de ortolalia |
| 300 ## - DESCRIPCIÓN FÍSICA | |
| Extensión | 13-15 |
| 362 ## - FECHAS DE PUBLICACIÓN Y/O DESIGNACIÓN SECUENCIAL | |
| Fecha de publicación y/o designación secuencial | 1971 No. 1 nov. |
| 653 0# - TERMINO DE INDIZACION - NO CONTROLADO | |
| Término no controlado | CLINICA DE LA CONDUCTA (MEXICO) |
| 653 0# - TERMINO DE INDIZACION - NO CONTROLADO | |
| Término no controlado | CLINICA DE ORTOLALIA (MEXICO) |
| 653 0# - TERMINO DE INDIZACION - NO CONTROLADO | |
| Término no controlado | CONDUCTA |
| 653 0# - TERMINO DE INDIZACION - NO CONTROLADO | |
| Término no controlado | PROBLEMAS DE LENGUAJE |
| 653 0# - TERMINO DE INDIZACION - NO CONTROLADO | |
| Término no controlado | RETRASO MENTAL |
| 700 ## - ASIENTO SECUNDARIO--NOMBRE DE PERSONAL | |
| Nombre de persona | KING DE G., Lucy |
| 905 ## - TIPO DE MATERIAL | |
| Tipo de material | Articulo |
No items available.
